[Event "DVM U20w 2014"]
[Site "Naumburg (Saale) GER"]
[Date "2014.12.29"]
[Round "6"]
[White "Henke, Jennifer"]
[Black "Schmid, Katharina"]
[Result "1/2-1/2"]
[Termination "normal"]
[Board "6.3"]
[WhiteElo "1483"]
[BlackElo "1279"]
[WhiteTeam "SK Münster"]
[BlackTeam "SV "Glück auf" Rüdersdorf"]
[PlyCount "65"]
[WhiteFideId "12998850"]
[BlackFideId "12918210"]
[EventCountry "GER"]
[EventRounds "7"]
[EventType "team-swiss"]
[EventDate "2014.12.26"]

1. c4  e5  2. Nc3 Nf6 3. g3 Bb4 4. Qb3 Bxc3 5. Qxc3 d6 6. Bg2 O-O 7. d3 c5 8.
Nf3 Nc6 9. O-O h6 10. a3 a5 11. Bd2 Be6 12. Rab1 Qd7 13. Rfe1 Rfb8 14. Qc2 Ra7
15. b4 b6 16. b5 Ne7 17. a4 Ng6 18. Rbd1 Bf5 19. e4 Bg4 20. Rb1 Nh7 21. Be3 Rf8
22. Nd2 Be6 23. Rf1 Bh3 24. f4 Bxg2 25. Kxg2 exf4 26. Bxf4 f5 27. exf5 Rxf5 28.
Be3 Rxf1 29. Rxf1 Qe6 30. Ne4 Ne7 31. Bf4 d5 32. Nd2 d4 33. Ne4 1/2-1/2

[Event "DVM U20w 2014"]
[Site "Naumburg (Saale) GER"]
[Date "2014.12.29"]
[Round "6"]
[White "Bießlich, Susan"]
[Black "van Lindt, Marietta"]
[Result "1-0"]
[Termination "normal"]
[Board "6.4"]
[WhiteElo "1250"]
[BlackElo "1135"]
[WhiteTeam "SV "Glück auf" Rüdersdorf"]
[BlackTeam "SK Münster"]
[PlyCount "83"]
[WhiteFideId "12983349"]
[BlackFideId "12998842"]
[EventCountry "GER"]
[EventRounds "7"]
[EventType "team-swiss"]
[EventDate "2014.12.26"]

1. e4 e5 2. Nf3 Nc6 3. Nc3 Nf6 4. d4 exd4 5. Nxd4 Bb4 6. Nxc6 bxc6 7. Bd3 d6 8.
O-O O-O 9. Bg5 Re8 10. Re1 Rb8 11. Kh1 Bc5 12. Rb1 Bxf2 13. Rf1 Bd4 14. Qf3 Bd7
15. Nd1 Be5 16. c3 Be6 17. b3 h6 18. Bh4 d5 19. Rb2 d4 20. c4 Qe7 21. Re2 Bd7
22. Bxf6 Bxf6 23. Nf2 Qe5 24. Ng4 Bxg4 25. Qxg4 Rb6 26. Qd7 Rd8 27. Qg4 Ra6 28.
Rf5 Qd6 29. e5 Qa3 30. h3 Qc1+ 31. Kh2 Bg5 32. e6 f6 33. Qh5 Bf4+ 34. Rxf4
Qxf4+ 35. g3 Qd6 36. Qf7+ Kh8 37. e7 Qxe7 38. Qxe7 Rg8 39. Qf7 c5 40. Qg6 f5
41. Qxa6 g5 42. Qxh6# 1-0